000 01223nam a2200325 a 4500
001 000111821
003 CHAP
005 20220329144230.0
008 150921s2015 mx a fsm |||||||spa d
010 _a108282
011 _a109254
040 _cCHAP
090 _aTesis
100 1 _aVargas López, María Elena
_9129788
245 1 0 _aAnálisis del índice de ventaja comparativa revelada de la fresa de México en los mercados de exportación de 1994 - 2011
_h[En línea]
_cpor María Elena Vargas López.
260 _aChapingo, Méx. :
_bEl autor,
_c2015.
500 _aPara ver el contenido del material haga clic en la liga
502 _aTesis (Ing. Agr. Esp. en Economía Agrícola) -- UACH. División de Ciencias Económico Administrativas
590 _aE11695DGD
_b10
_c20150923
_lUCH01
_h0920
590 _aE6096MTM
_b05
_c20150921
_lUCH01
_h1219
590 _aE6096MTM
_b05
_c20150921
_lUCH01
_h1222
650 1 4 _aCompetencia internacional.
_926093
650 1 4 _aFresa
_xExportación.
_943206
650 1 4 _aFresa
_xMercadeo.
_943221
650 1 4 _aFresa
_xRendimiento.
_943232
856 _aFinding aid
_uhttp://10.13.5.2/tesis/sist111821.pdf
_zTeclea aquí
901 _aBK
942 _cTESIS
942 _n0
999 _c108282
_d108282